| 000 | 00984nam0a22002291i 4500 | ||
|---|---|---|---|
| 001 | rc\252224 | ||
| 005 | 20240726045806.0 | ||
| 035 | _a(NLR Aleph) 005513180 | ||
| 090 |
_a5428907 _c5428907 |
||
| 100 | _a20030307d1990 u |0rusy50 ca | ||
| 101 | 0 | _arus | |
| 102 | _aRU | ||
| 105 | _aa ||||||||| | ||
| 200 | 1 |
_aОрганизационные методы управления использованием основных фондов _e(На прим. предприятий машиностроения) _eАвтореф. дис. на соиск. учен. степ. канд. экон. наук _e(08.00.05) _fУрал. политехн. ин-т им. С.М. Кирова |
|
| 210 |
_aСвердловск _d1990 |
||
| 215 |
_a21, [1] с. _cсхем. |
||
| 320 | _aБиблиогр.: с. 21-22 (12 назв.) | ||
| 700 | 1 |
_aТипнер _bЛ.М. _gЛюдмила Михайловна |
|
| 801 | 0 |
_aRU _bNLR _gpsbo |
|
| 801 | 1 |
_aRU _bELAR _2rusmarc |
|
| 852 |
_aNLR _jА90/13250А |
||
| 942 | _cBOOK | ||